[Event "Val Thorens op"]
[Site "Val Thorens"]
[Date "1995.??.??"]
[Round "?"]
[White "Geffroy, Laurent"]
[Black "Gaudineau, Eric"]
[Result "1-0"]
[WhiteElo "2070"]
[BlackElo "2255"]

1.d4 d5 2.Nf3 Nf6 3.c4 c6 4.Nc3 e6 5.e3 Bd6 6.Qc2 Nbd7 7.Be2 O-O 8.O-O Re8
9.Rd1 Qc7 10.h3 b6 11.b3 Bb7 12.Bb2 Rac8 13.Rac1 a6 14.Bd3 c5 15.Qe2 dxc4
16.Bxc4 b5 17.dxc5 Nxc5 18.Bxb5 axb5 19.Nxb5 Ba6 20.Nxc7 Bxe2 21.Nxe8 Nxe8
22.Rd2 Ba6 23.Rdc2 Rc7 24.Be5 Bxe5 25.Nxe5 Nd3 26.Rxc7 Nxe5 27.Ra7 Bd3 28.Rc8 Kf8
29.Raa8 Bb5 30.Rc5  1-0

[Event "Val Thorens op"]
[Site "Val Thorens"]
[Date "1995.??.??"]
[Round "?"]
[White "Benitah, Yohan"]
[Black "Lauferon, Patrick"]
[Result "1/2-1/2"]
[WhiteElo "2320"]
[BlackElo "2200"]

1.d4 d5 2.c4 c6 3.Nc3 Nf6 4.e3 e6 5.Nf3 Nbd7 6.Qc2 Bd6 7.g4 dxc4 8.Bxc4 e5
9.g5 exd4 10.gxf6 dxc3 11.Qe4+ Kf8 12.fxg7+ Kxg7 13.Rg1+ Kf8 14.Ng5 Ne5 15.Nxh7+ Rxh7
16.Qxh7 Qf6 17.Be2 Bb4 18.Kf1 Bf5 19.Qg8+ Ke7 20.Qxa8 Bh3+ 21.Rg2 Qg6 22.Qxb7+ Kf6
23.Bf3 Bxg2+ 24.Bxg2 Qd3+ 25.Kg1 Qd1+ 26.Bf1 Nf3+ 27.Kg2 Ne1+ 28.Kg1 Qg4+
29.Kh1 Qf3+ 30.Kg1 Qg4+  1/2-1/2

[Event "Val Thorens op"]
[Site "Val Thorens"]
[Date "1995.??.??"]
[Round "?"]
[White "Tran Van Ti, Igor"]
[Black "Scotti, H."]
[Result "1/2-1/2"]
[WhiteElo "1880"]
[BlackElo "2205"]

1.d4 d5 2.c4 c6 3.Nf3 Nf6 4.Nc3 e6 5.e3 Nbd7 6.Qc2 Bd6 7.Bd2 O-O 8.O-O-O Qe7
9.e4 dxe4 10.Nxe4 Nxe4 11.Qxe4 f5 12.Qc2 c5 13.Bc3 b5 14.cxb5 Bb7 15.Bd3 Rac8
16.d5 Bxd5 17.Rhe1 Qd8 18.Qa4 c4 19.Bb1 Nc5 20.Qa5 Bc7 21.Qb4 Bf4+ 22.Re3 Bxe3+
23.fxe3 Qc7 24.Ne5 Rfd8 25.g4 Nd3+ 26.Nxd3 cxd3 27.gxf5 Bf3 28.Rd2 exf5 29.Bxd3 Be4
30.Bxe4 Rxd2 31.Kxd2 Qxh2+ 32.Kd3 fxe4+ 33.Qxe4 Rd8+ 34.Kc4 Qd6 35.Bd4 Qd7
36.a4 Rc8+ 37.Bc5 Qh3 38.b4 Qf1+ 39.Qd3 Qc1+ 40.Qc3 Qf1+ 41.Qd3 Qc1+ 42.Qc3 Qf1+  1/2-1/2

[Event "Velden op"]
[Site "Velden"]
[Date "1995.??.??"]
[Round "2"]
[White "Horvath, Csaba"]
[Black "Steiner, Bruno"]
[Result "1-0"]
[WhiteElo "2530"]
[BlackElo "2175"]

1.d4 d5 2.c4 c6 3.Nf3 Nf6 4.Nc3 e6 5.e3 Nbd7 6.Bd3 dxc4 7.Bxc4 b5 8.Bd3 b4
9.Ne4 Nxe4 10.Bxe4 Bb7 11.O-O Be7 12.a3 Qb6 13.axb4 Bxb4 14.Bd2 Nf6 15.Qa4 a5
16.Bxb4 axb4 17.Qxa8+ Bxa8 18.Rxa8+ Ke7 19.Rxh8 Nxe4 20.Rxh7 Kf6 21.Rh4 Nd6
22.Ne5 Qb5 23.Rh8 Nc4 24.Rb8 Qd5 25.Rxb4 Nd2 26.Rc1 Nb3 27.e4 Qxe4 28.Rxb3 c5
29.Rf3+ Ke7 30.Rxf7+ Ke8 31.Rxg7  1-0

[Event "Velden op"]
[Site "Velden"]
[Date "1995.??.??"]
[Round "6"]
[White "Horvath, Jozsef"]
[Black "Lendwai, Reinhard"]
[Result "1-0"]
[WhiteElo "2510"]
[BlackElo "2385"]

1.d4 d5 2.c4 c6 3.Nc3 e6 4.e3 Nf6 5.Nf3 Nbd7 6.Qc2 Bd6 7.Be2 O-O 8.O-O Qe7
9.Rd1 Re8 10.b3 a6 11.Bb2 dxc4 12.Bxc4 b5 13.Bd3 Bb7 14.h3 Rac8 15.Ng5 h6
16.Nge4 c5 17.dxc5 Bxc5 18.Qe2 Red8 19.Rac1 Bb4 20.Bb1 Bxe4 21.Nxe4 Rxc1
22.Rxc1 Nxe4 23.Bxe4 Nf6 24.Bd3 Ba3 25.Rd1 Bxb2 26.Qxb2 Qc7 27.a4 b4 28.Qd2 Nd5
29.Bxa6 Ra8 30.Bc4 Nc3 31.Qd6 Qa5 32.Rd4 Re8 33.Qd7 Rf8 34.Qe7 Qb6 35.Rf4 Qd8
36.Qxb4 Qd1+ 37.Kh2 Qa1 38.a5 Nd1 39.Qd2 g5 40.Rd4 Nc3  1-0

[Event "Vienna op"]
[Site "Vienna"]
[Date "1995.??.??"]
[Round "9"]
[White "Sergienko, Sergey"]
[Black "Bawart, Markus"]
[Result "1-0"]
[WhiteElo "2400"]
[BlackElo "2355"]

1.d4 d5 2.c4 c6 3.Nf3 Nf6 4.Nc3 e6 5.e3 Bd6 6.Qc2 Nbd7 7.Be2 O-O 8.O-O Re8
9.h3 a6 10.b3 b5 11.e4 dxe4 12.Nxe4 Nxe4 13.Qxe4 Bb7 14.Bg5 f6 15.Bd3 Nf8
16.Bd2 Qd7 17.c5 Bc7 18.Rad1 a5 19.Bf4 b4 20.Bxc7 Qxc7 21.Rfe1 Ba6 22.Bc2 Bb5
23.h4 Qf7 24.g3 Qg6 25.Nd2 Qh5 26.Nc4 Bxc4 27.bxc4 Rec8 28.Ba4 Ra6 29.d5 cxd5
30.cxd5 Ra7 31.c6 exd5 32.Rxd5 Qg6 33.Qd4 Rac7 34.Rxa5 Re8 35.Rxe8 Qxe8 36.Qxb4 Ng6
37.Rb5 Rc8 38.c7 Qc6 39.Rc5 Qd6 40.Qc4+  1-0

[Event "Viernheim"]
[Site "Viernheim"]
[Date "1995.??.??"]
[Round "4"]
[White "Siegel, Georg"]
[Black "Beikert, Guenther"]
[Result "0-1"]
[WhiteElo "2480"]
[BlackElo "2455"]

1.d4 d5 2.c4 c6 3.Nf3 Nf6 4.Nc3 e6 5.e3 Nbd7 6.Qc2 b6 7.Be2 Bb7 8.O-O Bd6
9.e4 dxe4 10.Ng5 c5 11.d5 exd5 12.cxd5 O-O 13.Rd1 Re8 14.Ngxe4 Nxe4 15.Nxe4 Nf6
16.Nxf6+ Qxf6 17.Bf3 Be5 18.Rb1 Bc8 19.Be4 Bxh2+ 20.Kxh2 Qh4+ 21.Kg1 Qxe4
22.Qxe4 Rxe4 23.Bd2 Bb7 24.d6 Rd8 25.b4 c4 26.Be3 Rg4 27.g3 Rg6 28.d7 Rc6
29.a4 c3 30.Rbc1 Rc7 31.g4 h6 32.Rd4 c2 33.g5 hxg5 34.Bxg5 Rcxd7 35.Rxd7 Rxd7
36.Rxc2 Rd1+ 37.Kh2 Rh1+ 38.Kg3 Rg1+ 39.Kh4 Bf3 40.Rc4 f6 41.Be3 Kf7 42.a5 g5+
43.Kh3 Kg6 44.axb6 axb6 45.Bxb6 f5 46.Be3 Kh5 47.Rc5 g4+ 48.Kh2 Rg2+  0-1

[Event "Vila de Salou"]
[Site "Vila de Salou"]
[Date "1995.??.??"]
[Round "4"]
[White "Del Rey, Diego"]
[Black "Ater, G Hermiz"]
[Result "1-0"]
[WhiteElo "2315"]
[BlackElo "2350"]

1.d4 c6 2.c4 d5 3.Nf3 Nf6 4.e3 e6 5.Nc3 Nbd7 6.Qc2 Bd6 7.Be2 O-O 8.O-O e5
9.cxd5 cxd5 10.Nb5 Bb8 11.dxe5 Nxe5 12.Bd2 Bg4 13.Nbd4 Nxf3+ 14.Bxf3 Qd6
15.g3 Bxf3 16.Nxf3 Bc7 17.Bc3 Bb6 18.Rad1 Rad8 19.Ng5 g6 20.Qa4 h6 21.Nf3 Ne4
22.Bd4 Qe6 23.Kg2 Kh7 24.Rd3 Ng5 25.Nxg5+ hxg5 26.Bxb6 axb6 27.Rd4 Kg7 28.h4 Rh8
29.Rh1 gxh4 30.Rdxh4 Rxh4 31.Rxh4 Rh8 32.Qd4+ f6 33.Qg4 Qf7 34.Rxh8 Kxh8
35.Qc8+ Kg7 36.Qd8 b5 37.Qd6 Kh7 38.a3 Kg7 39.Kf1 Kh6 40.Ke2 g5 41.Kd2 Kh5
42.Qb6 Qg6 43.Qxb7 Qf5 44.Qxb5 g4 45.Qe2 Qe4 46.b4 Qb1 47.Qd3 Qb2+ 48.Ke1 Kh6
49.Kf1 Qc1+ 50.Kg2 Qc6 51.Qd4 f5 52.b5 Qd7 53.Qc5 Kg5 54.Qc6 Qe7 55.Qxd5 Qxa3
56.b6 Qf8 57.e4 Kh6 58.Qe6+ Kg7 59.Qe5+ Kh6 60.b7 fxe4 61.Qf4+ Qxf4 62.gxf4  1-0

[Event "CUB-ch sf"]
[Site "Villa Clara"]
[Date "1995.??.??"]
[Round "1"]
[White "Larduet, Carlos"]
[Black "Blanco Fernandez, Alvaro"]
[Result "1/2-1/2"]
[WhiteElo "2295"]
[BlackElo "2450"]

1.d4 d5 2.c4 e6 3.Nc3 c6 4.e3 Nf6 5.Nf3 Nbd7 6.Qc2 Bd6 7.Be2 O-O 8.O-O b6
9.e4 dxe4 10.Nxe4 Nxe4 11.Qxe4 Bb7 12.Rd1 Nf6 13.Qh4 Qe7 14.Bf4 Rfd8 15.a3 a5
16.Bxd6 Qxd6 17.h3 h6 18.Rd2 a4 19.Rad1 Qc7 20.Ne1 Ra5 21.Nc2 Rf5 22.Bf3 Kh7
23.Qg3 Qxg3 24.fxg3 Ra5 25.Nb4 Rc8 26.Na2 Ba6 27.Rc1 c5 28.d5 Rd8 29.Rcc2 exd5
30.cxd5 Bb7 31.Nc3 g6 32.Rc1 b5 33.d6 Bxf3 34.gxf3 b4 35.Ne4 Nd7 36.Rd5 bxa3
37.bxa3 f5 38.Nf2 Nf8 39.Re1 Kg8 40.Nd3 Nd7 41.Nxc5  1/2-1/2

[Event "Villalba op"]
[Site "Villalba"]
[Date "1995.??.??"]
[Round "7"]
[White "Candela Perez, Jose"]
[Black "Aranda Marin, Cristian"]
[Result "1-0"]
[WhiteElo "2320"]
[BlackElo "2235"]

1.d4 d5 2.c4 e6 3.Nc3 c6 4.Nf3 Nf6 5.e3 Nbd7 6.Qc2 Bd6 7.b3 O-O 8.Be2 Re8
9.O-O h6 10.Bb2 b6 11.e4 dxe4 12.Nxe4 Nxe4 13.Qxe4 Bb7 14.Rad1 Qc7 15.Bd3 f5
16.Qh4 Qd8 17.Qh3 Qf6 18.Rfe1 Qf7 19.a3 a5 20.Re2 Rad8 21.Rde1 Kf8 22.c5 bxc5
23.Bc4 Qg6 24.Bxe6 Qg4 25.Nh4 g5 26.Ng6+ Kg7 27.dxc5+ Kxg6 28.Bxf5+ Qxf5
29.Re6+ Nf6 30.Qxf5+ Kxf5 31.Rxf6+  1-0

[Event "LTU-ch"]
[Site "Vilnius"]
[Date "1995.??.??"]
[Round "1"]
[White "Jocys, Dalius"]
[Black "Sakalauskas, Vaidas"]
[Result "0-1"]
[WhiteElo "2155"]
[BlackElo "2320"]

1.d4 Nf6 2.Nf3 d5 3.c4 c6 4.e3 e6 5.Nc3 Nbd7 6.b3 Bb4 7.Bd2 O-O 8.Be2 Re8
9.O-O dxc4 10.bxc4 e5 11.a3 Bd6 12.dxe5 Nxe5 13.Qc2 Qc7 14.h3 Qe7 15.Nxe5 Qxe5
16.f4 Qe7 17.a4 Bc5 18.Rf3 Ne4 19.Nxe4 Bf5 20.Rg3 Bxe4 21.Qb2 f6 22.Bc3 Kh8
23.Bd4 Rab8 24.Rd1 Red8 25.Bxc5 Rxd1+ 26.Bxd1 Qxc5 27.Be2 b6 28.Qd2 Qe7 29.a5 Rd8
30.Qc3 Qc5 31.axb6 axb6 32.Qa1 Qa5 33.Qxa5 bxa5 34.Bf3 a4 35.Bxe4 a3 36.Bb1 Rd1+
37.Kh2 Rxb1 38.e4 a2  0-1

[Event "LTU-ch"]
[Site "Vilnius"]
[Date "1995.??.??"]
[Round "5"]
[White "Sakalauskas, Vaidas"]
[Black "Grabliauskas, Virginijus"]
[Result "1-0"]
[WhiteElo "2320"]
[BlackElo "2410"]

1.d4 d5 2.c4 c6 3.Nc3 Nf6 4.e3 e6 5.Nf3 Nbd7 6.Bd3 dxc4 7.Bxc4 b5 8.Bd3 a6
9.e4 c5 10.d5 c4 11.Bc2 Qc7 12.O-O Bb7 13.Qe2 Bd6 14.Bg5 e5 15.Nh4 g6 16.Qf3 Be7
17.Rfd1 Qd6 18.Bh6 Nc5 19.b4 cxb3 20.axb3 Rc8 21.Rac1 b4 22.Nb1 Nfxe4 23.Bxe4 Bxh4
24.Nd2 f5 25.Nc4 Qe7 26.Bxf5 gxf5 27.Qxf5 Qf6 28.Qh5+ Ke7 29.Be3 Nxb3 30.d6+ Ke6
31.Qg4+ Kf7 32.Qd7+ Kg6 33.Qxb7 Nxc1 34.Rxc1 Qf5 35.Qd5 Bf6 36.d7 Rc7 37.Qd6 Rxd7
38.Nxe5+ Qxe5 39.Qxd7 Rd8 40.Qg4+ Kf7 41.Qxb4 a5 42.Qg4 h5 43.Qa4 Kg6 44.g3 Rd5
45.h4 Qe6 46.Kh2 Qe5 47.Bf4 Qe7 48.Rc7 Qe2 49.Be3 Re5 50.Qf4 Qg4 51.Qh6+ Kf5
52.Qh7+ Qg6 53.Qd7+  1-0

[Event "LTU-ch"]
[Site "Vilnius"]
[Date "1995.??.??"]
[Round "8"]
[White "Sakalauskas, Vaidas"]
[Black "Ruzele, Darius"]
[Result "1/2-1/2"]
[WhiteElo "2320"]
[BlackElo "2500"]

1.d4 d5 2.c4 c6 3.Nc3 e6 4.e3 Nf6 5.Nf3 Nbd7 6.Bd3 dxc4 7.Bxc4 b5 8.Bd3 a6
9.e4 c5 10.d5 Qc7 11.O-O Bb7 12.Qe2 c4 13.Bc2 e5 14.Rd1 Bc5 15.Nh4 O-O 16.Nf5 Rfe8
17.Bg5 Kh8 18.Qf3 Ng8 19.Qg3 g6 20.Nh6 Kg7 21.Qh4 Qb6 22.Nxg8 Kxg8 23.Rd2 f6
24.Bh6 Bd4 25.Qg3 b4 26.Nd1 a5 27.Be3 a4 28.Rc1 a3 29.b3 c3 30.Re2 Ba6 31.Re1 Nc5
32.h4 Kh8 33.Bh6 Ra7 34.Qf3 Bb5 35.Ne3 Rf7 36.Rcd1 Nb7 37.Nf1 Nd6 38.Be3 Bxe3
39.Nxe3 Qc5 40.h5 Rg8 41.hxg6 hxg6 42.Ng4 Kg7 43.Qg3 Rh8 44.Ne3 Rff8 45.Nf5+ Kf7
46.Qe3 Qc7 47.Nxd6+ Qxd6 48.Qa7+ Bd7 49.Bd3 Ra8 50.Qe3 Rh4 51.f3 g5 52.Kf2 Rah8
53.Qa7 Kg6 54.Rg1 R8h7 55.Qe3 Rh2 56.Rdf1 Bh3 57.Kg3 Bc8 58.Kf2 Ba6 59.Ke1 Bxd3
60.Qxd3 Qc5 61.Kd1 R7h4 62.Kc2 Rh7  1/2-1/2

[Event "Vladivostok op"]
[Site "Vladivostok"]
[Date "1995.??.??"]
[Round "3"]
[White "Korniukhin, Grigory"]
[Black "Savon, Vladimir A"]
[Result "0-1"]
[WhiteElo "2260"]
[BlackElo "2390"]

1.d4 d5 2.c4 c6 3.Nf3 Nf6 4.Nc3 e6 5.e3 Nbd7 6.Bd3 dxc4 7.Bxc4 b5 8.Bd3 a6
9.e4 c5 10.d5 c4 11.dxe6 fxe6 12.Bc2 Qc7 13.O-O Bc5 14.Qe2 Ne5 15.Nxe5 Qxe5
16.Be3 Bxe3 17.Qxe3 Ng4 18.Qh3 h5 19.Qg3 Qxg3 20.hxg3 Bb7 21.Rad1 Ke7 22.Rfe1 Rad8
23.f3 Rxd1 24.Nxd1 Ne5 25.Ne3 h4 26.gxh4 Rxh4 27.b3 cxb3 28.Bxb3 Rh8 29.Rd1 Rc8
30.Kf2 Rc3 31.Ke2 a5 32.f4 Ng6 33.f5 Nf4+ 34.Kf3 Nxg2 35.Kxg2 Rxe3 36.Bxe6 Bxe4+
37.Kf2 Rf3+ 38.Ke2 Rg3 39.Rd7+ Kf6 40.Rd6 Ke5 41.Rb6 Kf4 42.Kd2 b4 43.Rb5 Rg2+
44.Kc1 Ke3 45.a3 Rc2+ 46.Kd1 Rb2  0-1

[Event "Vladivostok Zaitsev"]
[Site "Vladivostok"]
[Date "1995.??.??"]
[Round "5"]
[White "Tunik, Gennady"]
[Black "Kravtsov, Sergey"]
[Result "1-0"]
[WhiteElo "2515"]
[BlackElo "2265"]

1.d4 d5 2.c4 c6 3.Nf3 Nf6 4.Nc3 e6 5.e3 Nbd7 6.Bd3 dxc4 7.Bxc4 b5 8.Be2 b4
9.Na4 Qa5 10.b3 Ba6 11.O-O Rc8 12.Bxa6 Qxa6 13.Bb2 Be7 14.a3 Qb5 15.axb4 Bxb4
16.Qc2 O-O 17.Rfc1 a5 18.Qc4 Ne4 19.Nc3 Nxc3 20.Bxc3 Nb6 21.Qxb5 cxb5 22.Bxb4 axb4
23.Rc5 Ra8 24.Re1 Ra5 25.e4 Rc8 26.g3 f6 27.Rec1 Rxc5 28.dxc5 Na8 29.Rd1 e5
30.Rd8+ Kf7 31.Rd7+ Ke6 32.Rxg7 Ra3 33.Nd2 Ra2 34.Nf1 Ra3 35.Ne3 f5 36.exf5+ Kf6
37.Rb7 Rxb3 38.Rxb5 Rb1+ 39.Kg2 b3 40.Kf3 b2 41.Nc4 Kxf5 42.Rxb2 Rc1 43.Ne3+ Ke6
44.Rb8 Nc7 45.Rb6+ Kd7  1-0

[Event "Vlissingen op"]
[Site "Vlissingen"]
[Date "1995.??.??"]
[Round "2"]
[White "Demirel, Tolga"]
[Black "Riemersma, Liafbern"]
[Result "1-0"]
[WhiteElo "2185"]
[BlackElo "2435"]

1.d4 Nf6 2.c4 c6 3.Nf3 d5 4.Nc3 e6 5.e3 Nbd7 6.Qc2 Bd6 7.b3 O-O 8.Be2 b6
9.O-O Bb7 10.e4 dxe4 11.Nxe4 Nxe4 12.Qxe4 Qc7 13.Bb2 c5 14.Qh4 Rae8 15.dxc5 Bxc5
16.Ng5 h6 17.Ne4 Be7 18.Qg4 e5 19.Ng3 Bg5 20.Rad1 Nf6 21.Qf5 Re6 22.Qc2 e4
23.Nf5 a6 24.Ba3 Rfe8 25.Nd6 Bf4 26.Nxe8 Bxh2+ 27.Kh1 Rxe8 28.Bc1 Bf4 29.Bxf4 Qxf4
30.Qd2 Qh4+ 31.Kg1 e3 32.Qd4 Ne4 33.Qxe3 Nf6 34.Qd3 Be4 35.Qg3 Qxg3 36.fxg3 Bxg2
37.Kxg2 Rxe2+ 38.Rf2 Re6 39.Rdd2 Kh7 40.Rfe2 Ne4 41.Rd4 f5 42.b4 h5 43.Rc2 Rc6
44.Kf3 Kg6 45.Rxe4 fxe4+ 46.Kxe4 Rc8 47.c5 bxc5 48.bxc5 Kg5 49.c6 Kg4 50.Rc3 a5
51.Ke5 g5 52.Kd6 h4 53.gxh4 gxh4 54.c7 h3 55.Kd7 h2 56.Rc1 Rh8  1-0

[Event "POL-ch"]
[Site "Warsaw"]
[Date "1995.??.??"]
[Round "3"]
[White "Wojtkiewicz, Aleksander"]
[Black "Kuczynski, Robert"]
[Result "1/2-1/2"]
[WhiteElo "2530"]
[BlackElo "2510"]

1.c4 c6 2.d4 d5 3.Nc3 Nf6 4.e3 e6 5.Nf3 Nbd7 6.Qc2 Bd6 7.b3 O-O 8.Be2 Re8
9.O-O Qe7 10.Rd1 b6  1/2-1/2

[Event "POL-ch"]
[Site "Warsaw"]
[Date "1995.??.??"]
[Round "16"]
[White "Grabarczyk, Miroslaw"]
[Black "Kuczynski, Robert"]
[Result "1/2-1/2"]
[WhiteElo "2440"]
[BlackElo "2510"]

1.d4 d5 2.c4 c6 3.Nf3 Nf6 4.Nc3 e6 5.e3 Nbd7 6.Qc2 Bd6 7.b3 O-O 8.Be2 Re8
9.O-O Qe7 10.Rd1 b6 11.e4 Nxe4 12.Nxe4 dxe4 13.Qxe4 Bb7 14.Bf4 Bxf4 15.Qxf4 c5
16.Qc7 Rab8 17.dxc5 Nxc5 18.Qxe7 Rxe7 19.Nd4 a6 20.Bf3 Bxf3 21.Nxf3 Rc7 22.Rd6 Kf8
23.Rad1 Ke7 24.Ne5 Kf6 25.Ng4+ Ke7 26.Ne5 Kf6 27.Ng4+  1/2-1/2

[Event "Wattens op"]
[Site "Wattens"]
[Date "1995.??.??"]
[Round "?"]
[White "Link, Ulrich"]
[Black "Schmied, Roman"]
[Result "1-0"]
[WhiteElo "2205"]
[BlackElo "1945"]

1.Nf3 d5 2.d4 Nf6 3.c4 c6 4.e3 e6 5.Nc3 Nbd7 6.Qc2 Bb4 7.Bd3 Qe7 8.a3 Bxc3+
9.Qxc3 Ne4 10.Qc2 f5 11.Bd2 a5 12.O-O O-O 13.cxd5 exd5 14.b4 Nxd2 15.Nxd2 Nf6
16.b5 Bd7 17.bxc6 bxc6 18.Nf3 Ne4 19.Ne5 Rac8 20.f4 Be8 21.Rfc1 Rf6 22.Bxe4 fxe4
23.Qc5 Qd8 24.Rab1 Rh6 25.g3 Rb8 26.Qa7 Ra8 27.Qb7 Rc8 28.Rc5 Rc7 29.Qb6 Qc8
30.Qb8 a4 31.Ra5 Kf8 32.Ra8 Qxb8 33.Rbxb8 Re6 34.Rxa4 c5 35.dxc5 Rxc5 36.Nd7+  1-0

[Event "Hoogovens op"]
[Site "Wijk aan Zee"]
[Date "1995.??.??"]
[Round "1"]
[White "Cifuentes Parada, Roberto"]
[Black "Zvjaginsev, Vadim"]
[Result "0-1"]
[WhiteElo "2535"]
[BlackElo "2585"]

1.d4 e6 2.Nf3 d5 3.c4 Nf6 4.Nc3 c6 5.e3 Nbd7 6.Qc2 b6 7.Be2 Bb7 8.O-O Be7
9.Rd1 O-O 10.e4 dxe4 11.Nxe4 Qc7 12.Nc3 c5 13.d5 exd5 14.cxd5 a6 15.Nh4 g6
16.Bh6 Rfe8 17.Qd2 Bd6 18.g3 b5 19.Bf3 b4 20.Ne2 Ne4 21.Qc2 Ndf6 22.Ng2 Qd7
23.Ne3 Rad8 24.Bg2 Nxf2 25.Kxf2 Rxe3 26.Bxe3 Ng4+ 27.Kf3 Nxh2+ 28.Kf2 Ng4+
29.Kf3 Qe6 30.Bf4 Re8 31.Qc4 Qe3+ 32.Bxe3 Rxe3+ 33.Kxg4 Bc8+ 34.Kg5 h6+ 35.Kxh6 Re5  0-1

[Event "Sonnevanck"]
[Site "Wijk aan Zee"]
[Date "1995.??.??"]
[Round "4"]
[White "Ftacnik, Lubomir"]
[Black "Riemersma, Liafbern"]
[Result "1-0"]
[WhiteElo "2605"]
[BlackElo "2430"]

1.Nf3 d5 2.c4 c6 3.d4 Nf6 4.Nc3 e6 5.e3 Nbd7 6.Qc2 Bd6 7.Be2 O-O 8.O-O Re8
9.Rd1 Qe7 10.b3 b6 11.e4 Nxe4 12.Nxe4 dxe4 13.Qxe4 Bb7 14.Bg5 f6 15.Bf4 Bxf4
16.Qxf4 e5 17.dxe5 Nxe5 18.Nxe5 Qxe5 19.Qxe5 Rxe5 20.Bf3 Kf8 21.h4 Ke7 22.Rd3 Rd8
23.Rad1 Rxd3 24.Rxd3 a5 25.Bg4 Ke8 26.a4 g6 27.Kf1 f5 28.Bf3 Ke7 29.g4 h6
30.gxf5 gxf5 31.Bg2 Re6 32.Bh3 Rf6 33.Rg3 f4 34.Rg7+ Rf7 35.Rg8 Rf8 36.Rxf8 Kxf8
37.Bg2 Ke7 38.Ke2 Kd6 39.Be4 Ke5 40.Kf3 Ba8 41.c5 bxc5 42.Bd3 h5 43.Bg6 c4
44.bxc4 c5+ 45.Ke2 Bc6 46.Bxh5 Bxa4 47.Kd3 Bc6 48.Bg4 Kf6 49.Kc3 Kg6 50.Kb3 Kf6
51.Kc3 Ke5 52.Kd3 Be4+ 53.Kc3 Bf5 54.Bf3 Bg6 55.Bd1 Be8 56.Bf3 Bd7 57.Kd3 Ba4
58.Kc3 Be8 59.h5 Kf5 60.h6 Bg6 61.Kb3 Kg5 62.Ka4 Kxh6 63.Kxa5 Bh5 64.Bb7 Kg5
65.Kb5 Kf6 66.Kxc5 Be2 67.Kd4 Ke6 68.c5 Kd7 69.Ke5 Kc7 70.Be4 f3 71.Kf4  1-0

[Event "Sonnevanck-B"]
[Site "Wijk aan Zee"]
[Date "1995.??.??"]
[Round "6"]
[White "Michaelsen, Nils"]
[Black "Van de Oudeweetering, Arthur"]
[Result "0-1"]
[WhiteElo "2430"]
[BlackElo "2330"]

1.d4 d5 2.c4 c6 3.Nc3 Nf6 4.e3 e6 5.Nf3 Nbd7 6.Qc2 Bd6 7.Bd2 O-O 8.h3 b6
9.g4 dxc4 10.g5 Nd5 11.Bxc4 Bb7 12.O-O-O Rc8 13.Kb1 c5 14.Bxd5 exd5 15.h4 b5
16.Nxb5 cxd4 17.Qf5 Nc5 18.Nfxd4 Ne4 19.h5 Rc5 20.g6 Bc8 21.gxh7+ Kh8 22.Qf3 Nxd2+
23.Rxd2 Be5 24.Rc1 Rxc1+ 25.Kxc1 Ba6 26.Nc3 Bc4 27.b3 Qa5 28.Kb2 Qb4 29.Rc2 Qb7
30.Qf5 Bf6 31.Kc1 Ba6 32.Nxd5 Bxd4 33.exd4 Rd8 34.Nb4 Qxb4 35.h6 Qxd4 36.f4 Qa1+  0-1

[Event "Hoogovens op"]
[Site "Wijk aan Zee"]
[Date "1995.??.??"]
[Round "7"]
[White "Tregubov, Pavel V"]
[Black "Delemarre, Jop"]
[Result "1-0"]
[WhiteElo "2515"]
[BlackElo "2235"]

1.d4 Nf6 2.Nf3 c6 3.c4 d5 4.Nc3 e6 5.e3 Nbd7 6.Qc2 Bd6 7.b3 O-O 8.Be2 b6
9.O-O Bb7 10.Bb2 Re8 11.Rfd1 Qc7 12.e4 dxe4 13.Nxe4 Nxe4 14.Qxe4 c5 15.Qg4 f5
16.Qh3 Nf8 17.dxc5 bxc5 18.Nh4 Be5 19.Bxe5 Qxe5 20.Bf3 Bxf3 21.Nxf3 Qf6 22.Qh4 Qb2
23.Qf4 Rad8 24.Rdb1 Qa3 25.Re1 Qa5 26.h4 Rd3 27.h5 h6 28.Ne5 Rd4 29.Qf3 Qc7
30.Qc6 Qe7 31.a3 Rh4 32.Qf3 Qg5 33.b4 Rxh5 34.bxc5 Rc8 35.c6 Ng6 36.Nxg6 Qxg6
37.Rad1 Rh4 38.Rd6 Rxc4 39.Rdxe6 Qg4 40.Qd5 Kh7 41.Qd7 Rg8 42.Qf7 Rd8 43.Rg6 Qxg6
44.Qxc4 Qd6 45.Qc2 Qd5 46.c7 Rc8 47.Re7 Kg6 48.Re3 Kf7 49.g3 h5 50.Rd3 Qe5
51.Rd7+ Kg6 52.Qc6+ Kh7 53.Qf3 Kh6 54.Qc6+ Kh7 55.Qb7 h4 56.gxh4 Qe8 57.Qd5 Qg6+
58.Qg2 Qf6 59.Qg5 Qxg5+ 60.hxg5 f4 61.Kg2 Kg6 62.Kf3 Kxg5 63.Rxg7+ Kf6 64.Rh7 Kf5
65.Rh5+ Ke6 66.Rc5 Kd6 67.Rc1 Ke5 68.Rc2  1-0

[Event "Hoogovens op"]
[Site "Wijk aan Zee"]
[Date "1995.??.??"]
[Round "10"]
[White "Onischuk, Alexander"]
[Black "Zvjaginsev, Vadim"]
[Result "1/2-1/2"]
[WhiteElo "2590"]
[BlackElo "2585"]

1.d4 d5 2.c4 c6 3.Nc3 Nf6 4.Nf3 e6 5.e3 Nbd7 6.Qc2 Bd6 7.Be2 O-O 8.O-O b6
9.e4 Nxe4 10.Nxe4 dxe4 11.Qxe4 Bb7 12.Bf4 Nf6 13.Qe3 Ng4 14.Qd2 c5 15.Rad1 Rc8
16.Ne5 Nf6 17.dxc5 Bxc5 18.Qc3 Qe7 19.Bg5 Ne4 20.Bxe7 Nxc3 21.bxc3 Bxe7 22.Rd7 Bf6
23.Rxb7 Bxe5 24.Rd1 Bxc3 25.Rxa7 Bb4 26.Kf1 g6 27.Rdd7  1/2-1/2

[Event "Hoogovens op"]
[Site "Wijk aan Zee"]
[Date "1995.??.??"]
[Round "11"]
[White "Cifuentes Parada, Roberto"]
[Black "Van der Wiel, John TH"]
[Result "1/2-1/2"]
[WhiteElo "2535"]
[BlackElo "2570"]

1.Nf3 d5 2.c4 c6 3.e3 Nf6 4.Nc3 e6 5.d4 Nbd7 6.Qc2 Bd6 7.Be2 O-O 8.O-O Re8
9.Rd1 Qe7 10.h3 b6 11.e4 Nxe4 12.Nxe4 dxe4 13.Qxe4 Bb7 14.Bf4 Bxf4 15.Qxf4 c5
16.Qc7 Nf8 17.Qxe7 Rxe7 18.Rd2 Bxf3 19.Bxf3 Rd8 20.Rad1 Red7 21.d5 Ng6 22.Be4 Kf8
23.a3 Ke7 24.b4 cxb4 25.axb4 exd5  1/2-1/2

[Event "Hoogovens op"]
[Site "Wijk aan Zee"]
[Date "1995.??.??"]
[Round "12"]
[White "Cifuentes Parada, Roberto"]
[Black "Hansen, Lars Bo"]
[Result "1/2-1/2"]
[WhiteElo "2535"]
[BlackElo "2565"]

1.d4 d5 2.c4 c6 3.Nc3 Nf6 4.e3 e6 5.Nf3 Nbd7 6.Qc2 Bd6 7.Be2 O-O 8.O-O e5
9.cxd5 cxd5 10.dxe5 Nxe5 11.Rd1 Nxf3+ 12.Bxf3 Qc7 13.g3 Be6 14.Qd3 Be5 15.Bd2 Qd7
16.Be1 Rad8 17.Qe2 Rfe8 18.Nb5 Bg4 19.Bxg4 Nxg4 20.Nd4 Nf6 21.Rac1 Rc8 22.Rxc8 Rxc8
23.Nf3 Bb8 24.Qd3 Rd8 25.Ba5 Bc7 26.Bxc7 Qxc7 27.Nd4 a6 28.Qc2 Qxc2 29.Nxc2 Rc8
30.Nd4 g6 31.f3 h5 32.Kf2 Kf8 33.h3 Ke7 34.g4 hxg4 35.hxg4 Nd7 36.Rd2 Nb6
37.b3 a5 38.Ke2 Nd7 39.Rc2 Rxc2+  1/2-1/2

[Event "Wuerzburg op"]
[Site "Wuerzburg"]
[Date "1995.??.??"]
[Round "3"]
[White "Bezold, Michael"]
[Black "Wohlfahrt, Herbert J"]
[Result "1-0"]
[WhiteElo "2495"]
[BlackElo "2225"]

1.c4 c6 2.Nf3 Nf6 3.d4 d5 4.Nc3 e6 5.e3 Nbd7 6.Qc2 Bd6 7.Bd2 Qe7 8.h3 O-O
9.g4 dxc4 10.g5 Nd5 11.Bxc4 Nxc3 12.Bxc3 e5 13.g6 Kh8 14.gxf7 e4 15.Ne5 Nxe5
16.dxe5 Bxe5 17.Rg1 Bf5 18.O-O-O b5 19.Bb3 a5 20.f4 Bf6 21.Bxf6 Qxf6 22.Qc5 a4
23.Rd6 Qe7 24.Rxg7 axb3 25.Qd4 Qxd6 26.Rg8+  1-0

[Event "Wuerzburg op"]
[Site "Wuerzburg"]
[Date "1995.??.??"]
[Round "5"]
[White "Issing, Peter"]
[Black "Gross, David"]
[Result "1/2-1/2"]
[WhiteElo "2195"]
[BlackElo "2425"]

1.d4 d5 2.c4 e6 3.Nf3 c6 4.e3 Nf6 5.Nc3 Nbd7 6.Qc2 Bd6 7.Bd2 O-O 8.g4 Nxg4
9.e4 e5 10.Rg1 exd4 11.Nxd4 Nc5 12.O-O-O dxe4 13.h3 Nd3+ 14.Kb1 Ngxf2 15.Nxe4 Be5
16.Bxd3 Nxe4 17.Bxe4 Bxd4 18.Bh6 Bxg1 19.Rxg1 Qd4 20.Bxh7+ Kh8 21.Bxg7+ Qxg7
22.Rxg7 Kxg7 23.Bf5 Bxf5  1/2-1/2

[Event "EU-ch U18"]
[Site "Zagan"]
[Date "1995.??.??"]
[Round "1"]
[White "Avrukh, Boris"]
[Black "Boudenne, Jean"]
[Result "0-1"]
[WhiteElo "2430"]
[BlackElo "2270"]

1.d4 d5 2.c4 c6 3.Nc3 Nf6 4.e3 e6 5.Nf3 Nbd7 6.Bd3 Bd6 7.O-O O-O 8.e4 dxc4
9.Bxc4 e5 10.Bg5 a6 11.Qe2 Qc7 12.dxe5 Nxe5 13.Nxe5 Bxe5 14.f4 Bd4+ 15.Kh1 b5
16.Bb3 b4 17.Qc4 c5 18.Bxf6 Be6 19.Nd5 Bxd5 20.Qxd5 Bxf6 21.e5 Rad8 22.Qc4 Rd4
23.Qxa6 Be7 24.Qe2 Rfd8 25.Rac1 Rd2 26.Qc4 Bf8 27.e6 Qc6 28.exf7+ Kh8 29.Rf3 Rxg2
30.Qf1 Rxb2 31.Rd1 Rxd1 32.Qxd1 Rb1 33.Qxb1 Qxf3+ 34.Kg1 c4 35.Qf5 cxb3 36.Qc8 Qe3+
37.Kg2 Qc5 38.Qxc5 Bxc5 39.axb3 g6  0-1

[Event "Zagreb-ch"]
[Site "Zagreb"]
[Date "1995.??.??"]
[Round "?"]
[White "Takac, Zvonko"]
[Black "Glavica, Zeljko"]
[Result "1/2-1/2"]
[WhiteElo "2245"]
[BlackElo "2290"]

1.d4 d5 2.c4 c6 3.Nf3 Nf6 4.Nc3 e6 5.e3 Nbd7 6.Qc2 Bd6 7.b3 O-O 8.Bd3 Qe7
9.O-O dxc4 10.bxc4 e5 11.Ne4 Nxe4 12.Bxe4 Nf6 13.dxe5 Bxe5 14.Nxe5 Qxe5 15.Bd3  1/2-1/2

[Event "Zagreb-ch"]
[Site "Zagreb"]
[Date "1995.??.??"]
[Round "?"]
[White "Keglevic, Pavao"]
[Black "Glavica, Zeljko"]
[Result "1/2-1/2"]
[WhiteElo "2330"]
[BlackElo "2290"]

1.d4 d5 2.c4 c6 3.Nc3 Nf6 4.Nf3 e6 5.e3 Nbd7 6.Bd3 Bb4 7.O-O O-O 8.Qc2 dxc4
9.Bxc4 Bd6 10.Rd1 Qe7 11.e4 e5 12.d5 Nb6 13.Bd3 Bg4 14.dxc6 Bxf3 15.gxf3 bxc6
16.Ne2 Rac8 17.Ng3 g6 18.Bh6 Rfd8 19.Bg5 Qe6 20.Bf1 Bf8 21.Ba6 Rb8 22.Rxd8 Rxd8
23.Rc1 c5 24.b3 h6 25.Be3 Nbd7 26.Qd3 Rb8 27.Bc4 Qb6 28.Ne2 Qc7 29.Qd2 h5
30.Nc3 Nb6 31.Nb5 Nxc4 32.Nxc7 Nxd2 33.Bxd2 Rc8 34.Nb5 a6 35.Na3 Nd7 36.Rd1 Rc7
37.Nc4 f6 38.f4 exf4 39.Bxf4 Ra7 40.Na5 g5 41.Bd6 Bxd6 42.Rxd6 Kf7 43.Kf1 g4
44.Rd5 Kg6 45.Nc6 Rc7 46.Ne7+ Kf7 47.Nf5 Ne5 48.Ne3 Kg6 49.Rd6 Rc6 50.Rd8 c4
51.bxc4 Nxc4 52.Nd5 Rd6 53.Re8 Nd2+ 54.Ke2 Nxe4 55.Nf4+ Kf5 56.Nxh5 Nc3+
57.Ke3 Nxa2 58.Ng3+ Kg6 59.Rg8+ Kf7 60.Rxg4 Nc1  1/2-1/2